000
00307nam a22001217a 4500
020
_a
9789380026145
082
_a
620.001
_b
CHO/IN
100
_a
Choudary, R.B
245
_a
Introduction to ANSYS 10.0
260
_a
New Delhi
_b
I.K International Publishing House Pvt. Ltd.
_c
2011
300
_a
120
942
_c
BK
999
_c
13647
_d
13647